skbl

Dr Suryya Kumar Bhuyan Library Web-OPAC
ডঃ সূৰ্য্য
কুমাৰ ভূঞা পুথিভঁৰাল ৱেব-অ'পেক

All Research Scholars are advised to clear the annual library fees to continue using Library Resources, Remote Access, Plagiarism Test and Library Clearance.

Cotton University Book Fair 2026

Reaction Mechanism in Organic Chemistry (Record no. 59488)

MARC details
000 -LEADER
fixed length control field 00597nam a2200193Ia 4500
001 - CONTROL NUMBER
control field 59611
008 - FIXED-LENGTH DATA ELEMENTS--GENERAL INFORMATION
fixed length control field 160312n ii |||gr||||Z||||||465
020 ## - INTERNATIONAL STANDARD BOOK NUMBER
International Standard Book Number 9780333904619
082 ## - DEWEY DECIMAL CLASSIFICATION NUMBER
Classification number 547
100 ## - MAIN ENTRY--PERSONAL NAME
Personal name Mukherji, S M & Singh,S P.
245 #0 - TITLE STATEMENT
Title Reaction Mechanism in Organic Chemistry
Statement of responsibility, etc. By S M Mukherji & S P Singh
Medium Textual Documents
250 ## - EDITION STATEMENT
Edition statement Reprinted Twelve Times--2013.
260 ## - PUBLICATION, DISTRIBUTION, ETC.
Place of publication, distribution, etc. W.Bengal
Name of publisher, distributor, etc. Macmillan India Ltd.
300 ## - PHYSICAL DESCRIPTION
Extent 908/che.:
Other physical details ill,index;
Dimensions 27cm.
653 ## - INDEX TERM--UNCONTROLLED
Uncontrolled term Chemistry
653 ## - INDEX TERM--UNCONTROLLED
Uncontrolled term Reaction Mechanism in Organic Chemistry
653 ## - INDEX TERM--UNCONTROLLED
Uncontrolled term Deptt-Chemistry
942 ## - ADDED ENTRY ELEMENTS (KOHA)
Source of classification or shelving scheme Dewey Decimal Classification
Koha item type Books
Holdings
Withdrawn status Lost status Damaged status Not for loan Collection Home library Current library Shelving location Date acquired Coded location qualifier Cost, normal purchase price Total checkouts Full call number Barcode Date last seen Copy number Price effective from Koha item type
          Dr. Suryya Kumar Bhuyan Library Dr. Suryya Kumar Bhuyan Library   12/03/2016 00000 450.00   547 Mu 896 Re 908/che 14/01/2024 1 12/03/2016 Books
          Dr. Suryya Kumar Bhuyan Library Dr. Suryya Kumar Bhuyan Library   12/03/2016 00000 450.00   549 Mu 896 Re 906/che 14/01/2024 3 12/03/2016 Books
          Dr. Suryya Kumar Bhuyan Library Dr. Suryya Kumar Bhuyan Library   12/03/2016 00000 450.00   547 Mu 896 Re 907/che 14/01/2024 2 12/03/2016 Books

Designed and Maintained by Team SKBL
©1901-2026

Powered by Koha